| 000 | 01619nam a2200337 a 4500 | ||
|---|---|---|---|
| 001 | ebr10015834 | ||
| 003 | CaPaEBR | ||
| 006 | m u | ||
| 007 | cr cn||||||||| | ||
| 008 | 010807s2000 enk sb 000 0 eng | ||
| 010 | _z 2001270748 | ||
| 020 | _z1841500186 | ||
| 020 | _z1841508217 | ||
| 040 |
_aCaPaEBR _cCaPaEBR |
||
| 035 | _a(OCoLC)559252810 | ||
| 050 | 1 | 4 |
_aPN1992.3.G7 _bB39 2000eb |
| 082 | 0 | 4 |
_a791.45/621732 _221 |
| 100 | 1 |
_aBillingham, Peter, _d1953- |
|
| 245 | 1 | 0 |
_aSensing the city through television _h[electronic resource] : _burban identities in fictional drama / _cPeter Billingham. |
| 260 |
_aBristol, UK ; Portland, OR : _bIntellect, _c2000. |
||
| 300 | _aiv, 187 p. | ||
| 504 | _aIncludes bibliographical references. | ||
| 505 | 0 | _aSensing the city : navigating a journey -- Policing the imagination : Tony Garnett's The cops -- The city as a site of redemptive struggle : Tony Marchant's Holding on -- The fabled city : The San Francisco of Armistead Maupin's Tales of the city -- A Manchester heterotopia? : Queer as folk -- Homicide, life on the street. | |
| 533 |
_aElectronic reproduction. _bPalo Alto, Calif. : _cebrary, _d2013. _nAvailable via World Wide Web. _nAccess may be limited to ebrary affiliated libraries. |
||
| 650 | 0 |
_aTelevision programs _zGreat Britain. |
|
| 650 | 0 |
_aTelevision programs _zUnited States. |
|
| 650 | 0 | _aCities and towns on television. | |
| 655 | 7 |
_aElectronic books. _2local |
|
| 710 | 2 | _aebrary, Inc. | |
| 856 | 4 | 0 |
_uhttp://site.ebrary.com/lib/rucke/Doc?id=10015834 _zAn electronic book accessible through the World Wide Web; click to view |
| 999 |
_c25760 _d25760 |
||